Practical Guide for Writing Information Technology Education Research Project (Record no. 9523)

MARC details
000 -LEADER
fixed length control field 00857nam a22002177a 4500
003 - CONTROL NUMBER IDENTIFIER
control field OSt
005 - DATE AND TIME OF LATEST TRANSACTION
control field 20260421021900.0
008 - FIXED-LENGTH DATA ELEMENTS--GENERAL INFORMATION
fixed length control field 260421b |||||||| |||| 00| 0 eng d
020 ## - INTERNATIONAL STANDARD BOOK NUMBER
International Standard Book Number 978-621-427-097-8
040 ## - CATALOGING SOURCE
Original cataloging agency OC
Transcribing agency DWC-Main lib
082 ## - DEWEY DECIMAL CLASSIFICATION NUMBER
Classification number Fil. 001.42 B171p 2020
100 ## - MAIN ENTRY--PERSONAL NAME
Personal name Balahadia, F.
245 ## - TITLE STATEMENT
Title Practical Guide for Writing Information Technology Education Research Project
Statement of responsibility, etc. Balahadia, Francis F.
260 ## - PUBLICATION, DISTRIBUTION, ETC.
Place of publication, distribution, etc. Intramuros, Manila, Philippines :
Name of publisher, distributor, etc. Unlimited Books Library Services and Publishing inc.,
Date of publication, distribution, etc. c2020.
300 ## - PHYSICAL DESCRIPTION
Extent viii, 216 pages :
Other physical details illustrations ;
Dimensions 26cm.
504 ## - BIBLIOGRAPHY, ETC. NOTE
Bibliography, etc. note Includes bibliographical references
650 ## - SUBJECT ADDED ENTRY--TOPICAL TERM
Topical term or geographic name entry element 1. Research Writing
700 ## - ADDED ENTRY--PERSONAL NAME
Personal name Abante, Marmelo V.
Relator term Author
700 ## - ADDED ENTRY--PERSONAL NAME
Personal name Anthony, John Edgar
Relator term Author
942 ## - ADDED ENTRY ELEMENTS (KOHA)
Source of classification or shelving scheme Dewey Decimal Classification
Koha item type Book-Filipiniana
Classification part Fil. 001.42 B171p 2020
Call number prefix Fil.
Suppress in OPAC No
952 ## - LOCATION AND ITEM INFORMATION (KOHA)
--
Holdings
Withdrawn status Lost status Source of classification or shelving scheme Damaged status Not for loan Home library Current library Shelving location Date acquired Source of acquisition Cost, normal purchase price Total Checkouts Full call number Barcode Date last seen Copy number Price effective from Koha item type Uniform Resource Identifier
    Dewey Decimal Classification     College Library College Library Filipiniana 01/27/2023 School Fund 375.00   Fil. 001.42 B171p 2020 CL53427 04/21/2026 c1 04/21/2026 BK - FIL